000 00298nam a22001217a 4500
020 _aNA
082 _222
_a650.1
100 _aMorgenstern, Julie.
245 _aTime management from the inside out /
260 _bA Owl Book Henry Hoit and Company,
_cc2000.
300 _a0
_bill. ;
942 _2ddc
_cMAG
999 _c4097
_d4097